| 000 | 03210cam a22006134i 4500 | ||
|---|---|---|---|
| 003 | PE-LiUPU | ||
| 005 | 20250731173324.0 | ||
| 008 | 150725s2008 sp rb 000 0 spa d | ||
| 020 | _a8482398466 | ||
| 020 | _a9788482398464 | ||
| 035 | _a(Sirsi) i9788482398464 | ||
| 040 |
_aPE-LiUPU _bspa _cPE-LiUPU _dPE-LiUPU _erda |
||
| 049 | _aPRUA | ||
| 082 | 0 | 4 |
_a222.1 _bT11 _220 |
| 100 | 1 |
_aTábet, Miguel Ángel, _eautor. |
|
| 245 | 1 | 0 |
_aIntroducción al Antiguo Testamento : _bpentateuco y libros históricos / _cMiguel Ángel Tábet ;traducción Antonio Esquivias Villalobos. |
| 250 | _aSegunda edición. | ||
| 264 | 1 |
_aMadrid : _bPelícano; Palabra, _c2008. |
|
| 300 |
_a2 volúmenes ; _c24 centímetros |
||
| 336 |
_atext _2rdacontent |
||
| 337 |
_aunmediated _2rdamedia |
||
| 338 |
_avolume _2rdacarrier |
||
| 504 | _aIncluye bibliografía. | ||
| 505 | 0 |
_aVolumen I, _tPentateuco y libros históricos. _aEl Pentateuco -- Títulos contenido y composición del Pentateuco -- El Génesis. El libro de las promesas -- Del Éxodo al Deuteronomio. La constitución del pueblo de Israel -- La historia deuteronomista -- El problema histórico-literario -- La conquista de la tierra de Canaán -- Institución y desarrollo de la monarquía -- La historia del cronista y los demás libros históricos del Antiguo Testamento -- La historia del cronista. Esdras y Nehemías -- Los libros de los Macabeos -- Los demás libros históricos. |
|
| 505 | 0 |
_aVolumen III, _tLibros poéticos y sapienciales. _aLa sabiduría en Israel -- La literatura lírica -- La literatura didáctico-sapiencial. |
|
| 526 | _aSEG42 | ||
| 526 | _aSEG41 | ||
| 526 | _aSEG40 | ||
| 526 | _aSEG39 | ||
| 526 | _aP94 | ||
| 526 | _aP87 | ||
| 526 | _aP86 | ||
| 526 | _aP85 | ||
| 526 | _aP77 | ||
| 526 | _aP76 | ||
| 526 | _aP35 | ||
| 541 | _g007-0020481; | ||
| 541 | _g006-35829; | ||
| 630 |
_aBiblia. _pAntiguo Testamento _pPentateuco _vIntroducciones. |
||
| 630 |
_aBiblia _xAntiguo testamento. |
||
| 630 |
_aBiblia _xPentateuco. |
||
| 630 |
_aBiblia _xProfetas. |
||
| 700 | 1 |
_aEsquivias Villalobos, Antonio, _etraductor . |
|
| 910 |
_bjv _cng _d20080117 |
||
| 910 |
_adbm _bjpc _cjpc _d20190523 |
||
| 942 |
_2ddc _cBOOK |
||
| 994 |
_aC0 _bPEPRU |
||
| 596 | _a1 | ||
| 999 |
_a222.1 T11 1 _wDEWEY _c46820 _i59040 _d46820 _e2017-11-14 _f2021-11-9 _g6 _lCCODEBUL1 _mBUL _n3 _p37.00 _q3 _r0 _sY _tBOOK _u2015-6-25 _xTEOLOGIA _PP35 _0COMPRA _o.STAFF. Colección Teología |
||
| 999 |
_a222.1 T11 1 _wDEWEY _c2 _i57822 _d2019-8-29 _e2019-8-26 _f2021-11-9 _g6 _lCCODEBUL1 _mBUL _n5 _p37.00 _q7 _r0 _sY _tBOOK _u2015-6-25 _xTEOLOGIA _PP35 _0COMPRA _o.STAFF. Colección Teología |
||
| 999 |
_a222.1 T11 1 _wDEWEY _c3 _i60903 _d2022-6-8 _e2022-6-6 _f2021-11-9 _g3 _lCCODEBUL1 _mBUL _n2 _p37.00 _q1 _r0 _sY _tBOOK _u2019-5-23 _xTEOLOGIA _PP35 _0COMPRA _o.STAFF. Colección Teología |
||
| 999 |
_a222.1 T11 3 _wDEWEY _c1 _i59041 _d2019-8-19 _f2021-11-9 _g3 _lCCODEBUL1 _mBUL _p31.00 _q1 _r0 _sY _tBOOK _u2019-5-23 _xTEOLOGIA _zP35 _0COMPRA _o.STAFF. Colección Teología |
||
| 980 |
_81 _gALBERTO SANCHEZ Responsable de Automatización |
||